000 00779cab a2200205 4500
001 ABS38452
008 090401t1987 xxu||||| |||| 00| 0 eng d
035 _a(Sirsi) u10713
041 _aeng
100 _aHughes, N.
245 _aZone plan about to operate
260 _c1987
350 _a0
490 _aBuilding Design
_vno 859 30 October 1987, 18-19(2)
520 _aExamines the adoption of simplified planning zones by local authorities under the Housing and Planning Act 1986 Part 2 , looking at the conditions placed on SPZs; the procedures for adopting an SPZ; what happens if a local authority decides not to use its SPZ powers and provisos to adoption.
650 _aURBAN RENEWAL
690 _aPLANNING LAW AND PRACTICE
942 _n0
948 _c04/03/1997
999 _c6803
_d6803